Figures de Catalunya / (Record no. 171788)

MARC details
000 -LEADER
campo de control de longitud fija 00585nam a22001935i 4500
001 - NÚMERO DE CONTROL
campo de control 171788
003 - IDENTIFICADOR DE NÚMERO DE CONTROL
campo de control ES-MaACL
005 - FECHA Y HORA DE LA ÚLTIMA TRANSACCIÓN
campo de control 20230906214730.0
008 - DATOS DE LONGITUD FIJA--INFORMACIÓN GENERAL
campo de control de longitud fija 090601s1955 sp |||| | spa d
080 ## - NÚMERO DE LA CLASIFICACIÓN DECIMAL UNIVERSAL
Número de la Clasificación Decimal Universal 929(467.1)
100 1# - ENTRADA PRINCIPAL--NOMBRE DE PERSONA
Nombre de persona Soldevila, Carles.
9 (RLIN) 107110
245 10 - MENCIÓN DEL TÍTULO
Título Figures de Catalunya /
Mención de responsabilidad, etc. Carles Soldevila ; pròleg de Ferrán Soldevila.
250 ## - MENCION DE EDICION
Mención de edición [1ª ed.].
260 ## - PUBLICACIÓN, DISTRIBUCIÓN, ETC.
Lugar de publicación, distribución, etc. Barcelona :
Nombre del editor, distribuidor, etc. Aedos,
Fecha de publicación, distribución, etc. 1955.
300 ## - DESCRIPCIÓN FÍSICA
Extensión 68 p. :
Otras características físicas il. ;
Dimensiones 29 cm.
650 14 - PUNTO DE ACCESO ADICIONAL DE MATERIA--TÉRMINO DE MATERIA
Término de materia o nombre geográfico como elemento de entrada Catalanes-
Subdivisión general Biografías.
9 (RLIN) 10836
700 1# - ENTRADA AGREGADA--NOMBRE PERSONAL
Nombre de persona Soldevila, Ferran.
9 (RLIN) 107111
852 ## - LOCALIZACIÓN
Ubicación ES-MaACL
Número de control de estantería P-368
itemnumber R.38110
Holdings
Estatus retirado Estado de pérdida Estado de daño No para préstamo Biblioteca de origen Biblioteca actual Ubicación en estantería Fecha de adquisición Fuente de adquisición Total de préstamos Signatura topográfica completa Código de barras Visto por última vez Precio de reemplazo Tipo de ítem Koha
        Biblioteca del Ateneo de Madrid Biblioteca del Ateneo de Madrid Depósito 2 01/06/2009     P-368 1180286 23/02/2023 23/02/2023 Libro impreso